Loading...
Fine Arts - Classical Music | 0 | 8 | 0 | 0 | 80 | 54 | 69.75 | 3 | 6 |
Science - Chemistry | 0 | 3 | 0 | 0 | 30 | 31 | 50.67 | 0 | 1 |
Social Science | 0 | 3 | 0 | 0 | 30 | 49 | 58.33 | 0 | 1 |
Science - Biology | 0 | 3 | 1 | 1 | 25 | 64 | 66.00 | 0 | 2 |
Philosophy | 0 | 2 | 0 | 0 | 20 | 68 | 72.00 | 0 | 2 |
History - Other History | 0 | 2 | 0 | 1 | 20 | 54 | 62.00 | 0 | 0 |
History - World History | 0 | 2 | 0 | 0 | 20 | 48 | 50.00 | 0 | 0 |
Science - Other Science | 0 | 2 | 1 | 0 | 15 | 39 | 50.00 | 1 | 2 |
Literature - British Literature | 0 | 1 | 0 | 0 | 10 | 66 | 66.00 | 0 | 0 |
Fine Arts - Other Fine Arts | 0 | 1 | 0 | 0 | 10 | 25 | 25.00 | 1 | 1 |
History - American History | 0 | 1 | 0 | 1 | 10 | 73 | 73.00 | 0 | 0 |
History - European History | 0 | 1 | 0 | 0 | 10 | 78 | 78.00 | 0 | 0 |
Science - Physics | 0 | 2 | 3 | 0 | 5 | 43 | 65.50 | 0 | 2 |
Religion | 0 | 0 | 1 | 0 | -5 | 0.00 | 0 | 0 | |
Literature - American Literature | 0 | 0 | 1 | 0 | -5 | 0.00 | 0 | 0 | |
Current Events | 0 | 0 | 2 | 0 | -10 | 0.00 | 0 | 0 |